| 000 | 00357nam a2200133Ia 4500 | ||
|---|---|---|---|
| 008 | 240624s9999 xx 000 0 und d | ||
| 041 | _aeng | ||
| 082 | _a333.7 SCO | ||
| 100 | _aSCORSE JASON | ||
| 245 | _aWHAT ENVIRONMENTALISTS NEED TO KNOW ABOU | ||
| 260 |
_c2010 _aNew York _bPalgrave Macmillan |
||
| 300 | _avi, : 226 : p. : cm. ; 21 | ||
| 365 |
_cGBP _b50 |
||
| 999 |
_c27371 _d27371 |
||